[Event "II C.to Romano"]
[Site "Roma ITA"]
[Date "1997.??.??"]
[Round "3"]
[White "Lavieri, Doriano"]
[Black "Vignato, Giovanni"]
[Result "1-0"]
[WhiteElo "1855"]
[BlackElo "2150"]
[PlyCount "131"]
[EventDate "1997.??.??"]

1. d4 f5 2. Nf3 Nf6 3. g3 e6 4. Bg2 c6 5. c4 d5 6. O-O Bd6 7. b3 Qe7 8. Bb2 O-O
9. Qc1 b6 10. Ne5 Bb7 11. e3 Rc8 12. Nd2 Nbd7 13. Nxd7 Nxd7 14. Qc2 Rab8 15.
Rac1 Nf6 16. Rfe1 Ne4 17. Nxe4 fxe4 18. f3 exf3 19. Bxf3 Rf8 20. Qg2 Qg5 21. e4
dxc4 22. bxc4 e5 23. d5 Rf6 24. Qe2 Rbf8 25. Rf1 cxd5 26. cxd5 Ba6 27. Qxa6
Qe3+ 28. Kh1 Rxf3 29. Rfe1 Qh6 30. Rf1 Rf2 31. Rxf2 Rxf2 32. Qc8+ Rf8 33. Qg4
Bc5 34. h4 Qd2 35. Qe6+ Kh8 36. Qxe5 Rf7 37. Rg1 Bf8 38. Bd4 Qd3 39. d6 Qf3+
40. Kh2 Rd7 41. Rg2 Qa3 42. Qe8 Qxd6 43. Rf2 Rd8 44. Qf7 h6 45. Bb2 Qe7 46. Qg6
Rd6 47. Qg4 Kg8 48. Ba3 Qe5 49. Bxd6 Bxd6 50. Qc8+ Kh7 51. Qf5+ Qxf5 52. exf5
Kg8 53. Kg2 Bc5 54. Re2 Kf7 55. Kf3 Kf6 56. g4 Kf7 57. Ke4 Kf6 58. Kd5 h5 59.
Re6+ Kf7 60. g5 Bf2 61. Re4 a5 62. Kc6 Kf8 63. Kd7 Kf7 64. Kc6 Kf8 65. g6 Bc5
66. Kd7 1-0

[Event "II C.to Romano"]
[Site "Roma ITA"]
[Date "1997.??.??"]
[Round "3"]
[White "Manzanilla, Rufino"]
[Black "Montecchi, Ugo"]
[Result "0-1"]
[WhiteElo "1600"]
[BlackElo "1833"]
[PlyCount "100"]
[EventDate "1997.??.??"]

1. Nf3 c5 2. b3 Nf6 3. Bb2 g6 4. e3 Bg7 5. c4 d6 6. h3 O-O 7. Bd3 Nc6 8. a3 e5
9. Qc2 Re8 10. e4 Nh5 11. g3 f5 12. Nc3 Nd4 13. Nxd4 exd4 14. Ne2 Qe7 15. f3
fxe4 16. fxe4 Nf6 17. O-O-O Bd7 18. Rde1 a5 19. a4 Bc6 20. Nf4 Nd7 21. Nd5 Bxd5
22. cxd5 Ne5 23. Bc4 Rf8 24. Ref1 Qg5 25. g4 Rf4 26. Kb1 Raf8 27. Rxf4 Rxf4 28.
d3 Qf6 29. Bc1 Rf2 30. Qd1 b6 31. g5 Qf3 32. Qxf3 Rxf3 33. Kc2 Rf2+ 34. Kb1 Nf3
35. Bf4 Be5 36. Bxe5 Nxe5 37. Ba6 Kg7 38. h4 h6 39. Kc1 hxg5 40. hxg5 Rg2 41.
Rf1 Rxg5 42. Rf2 Rg1+ 43. Kc2 Ng4 44. Rf4 g5 45. Rf3 Ne3+ 46. Kb2 g4 47. Rf4
Rf1 48. Rxf1 Nxf1 49. Bc8 g3 50. Bh3 Ne3 0-1

[Event "II C.to Romano"]
[Site "Roma ITA"]
[Date "1997.??.??"]
[Round "3"]
[White "Ortega, Lexy"]
[Black "Quimi, Marco"]
[Result "1-0"]
[WhiteElo "2470"]
[BlackElo "2240"]
[PlyCount "95"]
[EventDate "1997.??.??"]

1. d4 Nf6 2. Nf3 d5 3. c4 c6 4. e3 Bf5 5. Nc3 e6 6. Qb3 Qb6 7. c5 Qc7 8. Qa4
Nbd7 9. b4 Be7 10. Nh4 O-O 11. Nxf5 exf5 12. Bd3 g6 13. h3 Rfe8 14. O-O Bf8 15.
b5 Bg7 16. bxc6 bxc6 17. Bd2 Nf8 18. Rab1 f4 19. exf4 Ne6 20. Ne2 Bh6 21. Qa6
Rab8 22. g3 Ne4 23. Bxe4 dxe4 24. Be3 Bg7 25. Kg2 Red8 26. Qc4 Qd7 27. Rxb8
Rxb8 28. Nc3 Nc7 29. Rd1 Qe8 30. Rb1 Rxb1 31. Nxb1 Nd5 32. Nc3 Nxc3 33. Qxc3
Qd7 34. Qb3 h5 35. a4 Kf8 36. Qb1 f5 37. a5 Ke7 38. Qb4 Qc7 39. a6 Qd7 40. Qb7
Kd8 41. Qb8+ Ke7 42. Qg8 Kf6 43. d5 Qxd5 44. Qxd5 cxd5 45. Bd4+ Ke6 46. Bxg7
Kd7 47. Bd4 Kc6 48. g4 1-0

[Event "II C.to Romano"]
[Site "Roma ITA"]
[Date "1997.??.??"]
[Round "3"]
[White "Pasqualucci, Colombo"]
[Black "Vannelli, Vittorio"]
[Result "0-1"]
[WhiteElo "1794"]
[BlackElo "1636"]
[PlyCount "34"]
[EventDate "1997.??.??"]

1. e4 c5 2. Nc3 e6 3. g3 d5 4. exd5 exd5 5. Bg2 Nf6 6. Nf3 Be7 7. O-O O-O 8. d4
cxd4 9. Nxd4 h6 10. Bf4 g5 11. Bc1 Nc6 12. h4 gxh4 13. Bxh6 hxg3 14. Qd2 Ng4
15. Nxd5 Nxd4 16. Nxe7+ Qxe7 17. fxg3 Ne2+ 0-1

[Event "II C.to Romano"]
[Site "Roma ITA"]
[Date "1997.??.??"]
[Round "3"]
[White "Rossi De Gasperis, Pietro"]
[Black "Barro, Carlo"]
[Result "0-1"]
[WhiteElo "1800"]
[BlackElo "1747"]
[PlyCount "94"]
[EventDate "1997.??.??"]

1. e4 d6 2. d4 Nf6 3. Nc3 g6 4. f3 Bg7 5. Be3 c6 6. Qd2 O-O 7. O-O-O b5 8. Kb1
Qc7 9. g4 a5 10. h4 Nbd7 11. h5 e5 12. hxg6 fxg6 13. Bh6 Nb6 14. dxe5 dxe5 15.
Qd6 Qxd6 16. Rxd6 Bd7 17. Bxb5 Ne8 18. Bc4+ Nxc4 19. Rxd7 Bxh6 20. Rxh6 Nf6 21.
Rc7 Rac8 22. Rxc8 Rxc8 23. Kc1 Rd8 24. Rh2 Kg7 25. Nh3 Rd6 26. b3 Nb6 27. Rd2
Rxd2 28. Kxd2 h5 29. g5 Nfd7 30. f4 exf4 31. Nxf4 Ne5 32. Ke3 Kf7 33. Nce2 c5
34. c4 a4 35. Nd5 axb3 36. axb3 Nbd7 37. Nef4 Ng4+ 38. Kd2 Nde5 39. Kc3 Nf2 40.
Nf6 h4 41. b4 h3 42. Nxh3 Nxh3 43. b5 Nxg5 44. Nd5 Nxe4+ 45. Kb3 Nd6 46. Ne3
Ke6 47. b6 Kd7 0-1

[Event "II C.to Romano"]
[Site "Roma ITA"]
[Date "1997.??.??"]
[Round "3"]
[White "Scolozzi, Umberto"]
[Black "Pienabarca, Nicola"]
[Result "0-1"]
[WhiteElo "1600"]
[BlackElo "2020"]
[PlyCount "64"]
[EventDate "1997.??.??"]

1. d4 Nf6 2. c4 e6 3. Nc3 Bb4 4. Bg5 h6 5. Bh4 c5 6. d5 d6 7. f3 e5 8. Qc2 Nbd7
9. e3 Qa5 10. Bd3 b5 11. cxb5 Nxd5 12. Kd2 a6 13. bxa6 Bxa6 14. Bxa6 Qxa6 15.
Nge2 N7b6 16. a3 Nc4+ 17. Kc1 Ncxe3 18. Nxd5 Nxd5 19. Qe4 O-O 20. Rd1 Nf4 21.
Nxf4 exf4 22. Qxf4 c4 23. Be1 Bxe1 24. Rxe1 d5 25. Qd4 Rfe8 26. Kd2 Qa5+ 27.
Qc3 Qc5 28. Rxe8+ Rxe8 29. Rf1 d4 30. Qc1 c3+ 31. bxc3 dxc3+ 32. Kc2 Re2+ 0-1

[Event "II C.to Romano"]
[Site "Roma ITA"]
[Date "1997.??.??"]
[Round "3"]
[White "Sibilio, Mario"]
[Black "Simeoni, Matteo"]
[Result "1-0"]
[WhiteElo "2320"]
[BlackElo "1830"]
[PlyCount "35"]
[EventDate "1997.??.??"]

1. Nf3 f5 2. d3 Nf6 3. e4 fxe4 4. dxe4 e5 5. Bc4 d5 6. exd5 Bd6 7. Ng5 a6 8.
Nc3 Nbd7 9. Ne6 Qe7 10. Bg5 Qf7 11. Qf3 Nf8 12. Nxg7+ Ke7 13. Ne4 N8d7 14. Nf5+
Kf8 15. Bh6+ Kg8 16. Qg3+ Qg6 17. Nexd6 cxd6 18. Ne7+ 1-0

[Event "II C.to Romano"]
[Site "Roma ITA"]
[Date "1997.??.??"]
[Round "3"]
[White "Viscardi, Riccardo"]
[Black "Franchi, Jose' Maria"]
[Result "1/2-1/2"]
[WhiteElo "1600"]
[BlackElo "1915"]
[PlyCount "41"]
[EventDate "1997.??.??"]

1. d4 Nf6 2. c4 e6 3. Nc3 Bb4 4. e3 c5 5. Nge2 O-O 6. a3 Bxc3+ 7. Nxc3 cxd4 8.
exd4 d5 9. c5 b6 10. b4 a5 11. Bf4 bxc5 12. bxc5 Ne4 13. Nxe4 dxe4 14. Bd6 Re8
15. Bb5 Bd7 16. Qa4 Bxb5 17. Qxb5 Nd7 18. O-O Nf6 19. Rfe1 Nd5 20. Rac1 f5 21.
Be5 1/2-1/2

[Event "II C.to Romano"]
[Site "Roma ITA"]
[Date "1997.??.??"]
[Round "4"]
[White "Abuhamdieh, Arafat"]
[Black "Mastroddi, Emiliano"]
[Result "0-1"]
[WhiteElo "1294"]
[BlackElo "1753"]
[PlyCount "58"]
[EventDate "1997.??.??"]

1. d4 d5 2. c4 c6 3. Nc3 Nf6 4. e3 Bf5 5. Bd3 Bxd3 6. Qxd3 e6 7. Nf3 Nbd7 8.
cxd5 exd5 9. O-O Be7 10. b3 O-O 11. Bb2 Re8 12. Nd2 Bd6 13. h3 Nb6 14. Rae1 Qd7
15. f4 Nh5 16. g4 Nf6 17. Kg2 Bc7 18. Ba3 Nc8 19. g5 Nh5 20. Re2 Nd6 21. Rf3
Nf5 22. Kh2 g6 23. Nd1 Re6 24. Nf1 Rae8 25. Bb4 Bb6 26. Rff2 Bc7 27. Kg2 Bxf4
28. exf4 Rxe2 29. Qf3 Nh4+ 0-1

[Event "II C.to Romano"]
[Site "Roma ITA"]
[Date "1997.??.??"]
[Round "4"]
[White "Barro, Carlo"]
[Black "Franchi, Jose' Maria"]
[Result "0-1"]
[WhiteElo "1747"]
[BlackElo "1915"]
[PlyCount "70"]
[EventDate "1997.??.??"]

1. Nf3 Nf6 2. g3 g6 3. Bg2 Bg7 4. d3 d6 5. Nbd2 O-O 6. O-O c5 7. e4 Nc6 8. a4
Rb8 9. h3 a6 10. Re1 e5 11. Nf1 d5 12. Qe2 b5 13. axb5 axb5 14. Bg5 dxe4 15.
dxe4 h6 16. Red1 Nd4 17. Nxd4 cxd4 18. Bxf6 Qxf6 19. Ra7 Qb6 20. Rda1 Be6 21.
Nd2 Rfc8 22. Nf3 Qc5 23. Ne1 Qc4 24. Qf3 Qb4 25. h4 Qxb2 26. Bh3 Rf8 27. Bxe6
fxe6 28. Qg4 Rf6 29. Nd3 Qxc2 30. Rc1 Qxd3 31. Rcc7 Bf8 32. Rc6 Qf3 33. Qxf3
Rxf3 34. Rxe6 Rf7 35. Rxg6+ Rg7 0-1

[Event "II C.to Romano"]
[Site "Roma ITA"]
[Date "1997.??.??"]
[Round "4"]
[White "Bruno, Fabio"]
[Black "Scolozzi, Umberto"]
[Result "1/2-1/2"]
[WhiteElo "2260"]
[BlackElo "1600"]
[PlyCount "132"]
[EventDate "1997.??.??"]

1. e4 e6 2. d4 d5 3. Nd2 Nf6 4. e5 Nfd7 5. f4 c5 6. c3 Nc6 7. Ndf3 c4 8. g3 Rb8
9. Bh3 g6 10. Qc2 f5 11. Be3 b5 12. a3 Be7 13. Bf1 Nb6 14. h4 h5 15. Nh3 Qc7
16. Nhg5 Nd8 17. Rb1 O-O 18. Nh2 Bxg5 19. hxg5 Qg7 20. Be2 Bd7 21. Nf3 Nc6 22.
Nh4 Ne7 23. Kf2 Be8 24. Rh2 Rb7 25. Rbh1 a5 26. Bd2 a4 27. Qd1 Bf7 28. Nxg6
Bxg6 29. Bxh5 Bxh5 30. Rxh5 Ng6 31. Rh6 Rfb8 32. Qh5 Qxh6 33. Qxh6 Rg7 34. Qh5
Kf7 35. Kg2 Rh8 36. Qxh8 Nxh8 37. Rxh8 Rg8 38. Rxg8 Kxg8 39. g4 Kg7 40. Kg3 Kg6
41. Kh4 Nc8 42. gxf5+ exf5 43. Kg3 Ne7 44. e6 Nc6 45. Kh4 Ne7 46. Kg3 Nc6 47.
Kf2 Ne7 48. Ke1 Kg7 49. Kd1 Ng6 50. Kc2 Kf8 51. b3 cxb3+ 52. Kb2 Ke7 53. c4
bxc4 54. Kc3 Kxe6 55. Bc1 Kd7 56. Kb4 Kc6 57. Kxa4 Nxf4 58. Kb4 Ng6 59. a4 f4
60. Kc3 Kb6 61. Kb2 f3 62. Be3 Nf4 63. Ka3 Ka5 64. Bd2+ Kb6 65. Be3 Ka5 66. Bf2
Ng6 1/2-1/2

[Event "II C.to Romano"]
[Site "Roma ITA"]
[Date "1997.??.??"]
[Round "4"]
[White "Cattarinich, Benedetto"]
[Black "Tosoni, Augusto"]
[Result "0-1"]
[WhiteElo "1837"]
[BlackElo "2116"]
[PlyCount "80"]
[EventDate "1997.??.??"]

1. d4 Nf6 2. c4 g6 3. Nc3 Bg7 4. e4 d6 5. Nf3 O-O 6. Be2 Nbd7 7. e5 dxe5 8.
dxe5 Ng4 9. e6 fxe6 10. O-O Nh6 11. Ng5 Nb8 12. Qb3 Nc6 13. Nb5 e5 14. Bf3 Nd4
15. Nxd4 exd4 16. Bxb7 Rb8 17. Bd5+ e6 18. Qxb8 exd5 19. cxd5 Qd6 20. Bd2 Ng4
21. g3 Ba6 22. Bb4 Rxb8 23. Bxd6 cxd6 24. Rfe1 d3 25. Re6 Bxb2 26. Rb1 d2 27.
Nf3 Bd3 28. Nxd2 Bxb1 29. Nxb1 Bd4 30. Na3 Bxf2+ 31. Kg2 Bc5 32. Nc4 Rd8 33.
Kh3 Nh6 34. Kh4 Nf7 35. Na5 Rb8 36. Nc6 Rb2 37. h3 Rxa2 38. Re8+ Kg7 39. Re7
Ra4+ 40. g4 Bf2# 0-1

[Event "II C.to Romano"]
[Site "Roma ITA"]
[Date "1997.??.??"]
[Round "4"]
[White "Colantonio, Marco"]
[Black "Castillo, Juan"]
[Result "1/2-1/2"]
[WhiteElo "1543"]
[BlackElo "1600"]
[PlyCount "133"]
[EventDate "1997.??.??"]

1. e4 c6 2. d4 d5 3. e5 Bf5 4. Nc3 e6 5. g4 Bg6 6. Nge2 h5 7. g5 c5 8. h4 Nc6
9. a3 Qb6 10. Na4 Qa5+ 11. c3 cxd4 12. Nxd4 Nge7 13. b4 Qd8 14. Bb5 a6 15.
Bxc6+ Nxc6 16. Bf4 Qc7 17. O-O Be7 18. Nxc6 Qxc6 19. Be3 Bd8 20. Nc5 b6 21. Qa4
b5 22. Qd1 O-O 23. a4 Bc7 24. Bd4 Rfc8 25. f4 Kf8 26. Rf2 Ke7 27. Rfa2 Bf5 28.
axb5 Qxb5 29. Rxa6 Rxa6 30. Rxa6 g6 31. Qf1 Qxf1+ 32. Kxf1 Bd8 33. Ke1 Bh3 34.
Ra7+ Ke8 35. Nb7 Kd7 36. Nxd8+ Kxd8 37. Rxf7 Ke8 38. Ra7 Bf5 39. Kd2 Rb8 40.
Bc5 Rb5 41. Ra5 Rb7 42. b5 Kd7 43. Ra7 Kc8 44. b6 Bb1 45. Kc1 Bd3 46. Kb2 Bb5
47. Ka3 Bc6 48. Kb4 Kd7 49. Ka5 Rxa7+ 50. bxa7 Kc7 51. Bd4 Kd7 52. Kb6 Ba8 53.
Bc5 Kc8 54. Bd6 Kd7 55. Bb4 Kc8 56. Ba5 Kd7 57. Kc5 Bb7 58. Bb6 Ba8 59. Kb5 Bb7
60. Bc5 Bc6+ 61. Kb6 Ba8 62. Bb4 Kc8 63. Be7 Kd7 64. Bd6 Kc8 65. Bb8 Kd7 66.
Kb5 Bb7 67. Kb6 1/2-1/2

[Event "II C.to Romano"]
[Site "Roma ITA"]
[Date "1997.??.??"]
[Round "4"]
[White "Corvi, Marco"]
[Black "De Vita, Gianni"]
[Result "1-0"]
[WhiteElo "2260"]
[BlackElo "2155"]
[PlyCount "59"]
[EventDate "1997.??.??"]

1. e4 c5 2. Nf3 Nc6 3. d3 e6 4. g3 d5 5. Nbd2 Bd6 6. Bg2 Nge7 7. O-O O-O 8. Re1
f5 9. exf5 exf5 10. d4 f4 11. dxc5 Bxc5 12. Nb3 Bd6 13. Ng5 Bc7 14. Ne6 Bxe6
15. Rxe6 fxg3 16. fxg3 Bb6+ 17. Kh1 Qd7 18. Re2 Rab8 19. Bg5 h6 20. Bxe7 Nxe7
21. c3 Nc6 22. Qd3 Qf5 23. Qxf5 Rxf5 24. Rd1 Kf8 25. Red2 Ne7 26. c4 Be3 27.
Rd3 Re5 28. cxd5 b6 29. d6 Ng8 30. Re1 1-0

[Event "II C.to Romano"]
[Site "Roma ITA"]
[Date "1997.??.??"]
[Round "4"]
[White "Farina, Saverio"]
[Black "Scacco, Mauro"]
[Result "1-0"]
[WhiteElo "2195"]
[BlackElo "2045"]
[PlyCount "103"]
[EventDate "1997.??.??"]

1. d4 Nf6 2. c4 g6 3. Nc3 Bg7 4. e4 O-O 5. Nge2 c5 6. d5 b5 7. cxb5 a6 8. Ng3
d6 9. a4 e6 10. Be2 axb5 11. Nxb5 exd5 12. exd5 Bb7 13. Nc3 Na6 14. O-O Nb4 15.
Bc4 Nd7 16. Be3 Ne5 17. Be2 f5 18. Qd2 Nf7 19. Rfd1 Qh4 20. Bb5 Be5 21. f4 Bg7
22. Bd7 Nh6 23. Be6+ Kh8 24. Kh1 Ng4 25. Nf1 Ba6 26. Nb5 Rab8 27. Bg1 h6 28.
Ra3 Qf6 29. Nxd6 Qxb2 30. Qxb2 Bxb2 31. Rb3 Bd4 32. Bxd4+ cxd4 33. Kg1 Nc2 34.
Nb5 Kg7 35. Rc1 Nce3 36. Nxe3 Nxe3 37. h3 g5 38. g3 Bxb5 39. Rxb5 Rxb5 40. axb5
d3 41. d6 d2 42. Rc7+ Kf6 43. Bb3 d1=Q+ 44. Bxd1 Nxd1 45. b6 gxf4 46. b7 Re8
47. gxf4 Re1+ 48. Kg2 Re2+ 49. Kf1 Rb2 50. d7 Ne3+ 51. Ke1 Ke7 52. Rc8 1-0

[Event "II C.to Romano"]
[Site "Roma ITA"]
[Date "1997.??.??"]
[Round "4"]
[White "Iatrino, Vincenzo"]
[Black "Galdelli, Fabiano"]
[Result "1-0"]
[WhiteElo "1767"]
[BlackElo "1738"]
[PlyCount "75"]
[EventDate "1997.??.??"]

1. e4 c5 2. Nf3 d6 3. d4 cxd4 4. Nxd4 Nf6 5. Nc3 g6 6. Be3 Bg7 7. f3 O-O 8. Bc4
Nc6 9. Qd2 Bd7 10. O-O-O Rc8 11. Bb3 Qa5 12. h4 h5 13. Rdg1 Ne5 14. Bh6 Nc4 15.
Bxc4 Rxc4 16. Bxg7 Kxg7 17. g4 Rh8 18. gxh5 Rxh5 19. Nde2 Kf8 20. Nf4 Rh7 21.
Rg5 Rc5 22. Rxc5 Qxc5 23. Ncd5 Nh5 24. Nd3 Qd4 25. Qa5 Qa4 26. Qd8+ Kg7 27.
Qxe7 Qxa2 28. Kd2 Be6 29. Qxd6 Qa5+ 30. b4 Qb5 31. Qe5+ Kf8 32. Qd6+ Kg7 33.
Ra1 Bxd5 34. exd5 Qc4 35. Rxa7 Nf6 36. Rxb7 Rxh4 37. Rxf7+ Kh6 38. Rxf6 1-0

[Event "II C.to Romano"]
[Site "Roma ITA"]
[Date "1997.??.??"]
[Round "4"]
[White "Malloni, Marcello"]
[Black "Lavieri, Doriano"]
[Result "1/2-1/2"]
[WhiteElo "2225"]
[BlackElo "1855"]
[PlyCount "60"]
[EventDate "1997.??.??"]

1. d4 d5 2. c4 c6 3. Nf3 Nf6 4. Qc2 g6 5. Bf4 Bg7 6. e3 O-O 7. Nc3 Qa5 8. Bd3
dxc4 9. Bxc4 b5 10. Bb3 Bf5 11. Qe2 Nbd7 12. O-O Ne4 13. Nxe4 Bxe4 14. Rfc1
Rac8 15. Nd2 Bd5 16. Rc2 e5 17. dxe5 Nxe5 18. e4 Bxb3 19. Nxb3 Qd8 20. Rd1 Qe7
21. Nd4 Qb7 22. b3 a6 23. Rdc1 Rfe8 24. Bxe5 Bxe5 25. Nxc6 Bf4 26. Ne7+ Qxe7
27. Rxc8 Bxc1 28. Rxc1 Qxe4 29. Qxe4 Rxe4 30. Kf1 Re6 1/2-1/2

[Event "II C.to Romano"]
[Site "Roma ITA"]
[Date "1997.??.??"]
[Round "4"]
[White "Manzanilla, Rufino"]
[Black "Rossi De Gasperis, Pietro"]
[Result "1-0"]
[WhiteElo "1600"]
[BlackElo "1800"]
[PlyCount "77"]
[EventDate "1997.??.??"]

1. d4 Nf6 2. Bg5 e6 3. e3 Be7 4. Bd3 b6 5. Nd2 Bb7 6. e4 d6 7. Nh3 Nbd7 8. O-O
O-O 9. f3 e5 10. c3 h6 11. Be3 Re8 12. Rc1 c6 13. f4 exd4 14. cxd4 c5 15. Qb3
Ng4 16. Bb5 a6 17. Bxd7 Qxd7 18. Nf2 Bf6 19. Nxg4 Qxg4 20. d5 b5 21. Rf3 Qd7
22. Qc2 Re7 23. Bf2 Rae8 24. b3 Qd8 25. g4 Qa5 26. Kf1 Qd8 27. h4 g6 28. g5
hxg5 29. hxg5 Bg7 30. Kg2 Qd7 31. Rg3 Rc8 32. Qd3 Rce8 33. Rh1 Qd8 34. Rgh3 Qa5
35. Kg1 Qd8 36. Rh7 Qa5 37. Qh3 Qc3 38. Qxc3 Bxc3 39. e5 1-0

[Event "II C.to Romano"]
[Site "Roma ITA"]
[Date "1997.??.??"]
[Round "4"]
[White "Marzano, Carlo"]
[Black "Lantini, Marco"]
[Result "1-0"]
[WhiteElo "2160"]
[BlackElo "2190"]
[PlyCount "61"]
[EventDate "1997.??.??"]

1. d4 Nf6 2. Nf3 e6 3. Bg5 c5 4. e4 Qb6 5. Nbd2 h6 6. Nc4 Qc7 7. Bxf6 gxf6 8.
d5 b5 9. Ne3 Bb7 10. a4 Qf4 11. axb5 Qxe4 12. Bc4 d6 13. O-O Rg8 14. Re1 Kd8
15. c3 Qf4 16. Ra4 h5 17. Ba2 Qh6 18. dxe6 fxe6 19. Bxe6 Rg6 20. Nf5 Qh7 21.
Nxd6 Bxd6 22. Qxd6+ Nd7 23. Bd5 f5 24. Re6 Qh6 25. Ra1 Rxe6 26. Bxe6 Qg7 27.
Bxd7 Qxd7 28. Qf8+ Kc7 29. Qxc5+ Kd8 30. Qf8+ Kc7 31. Qc5+ 1-0

[Event "II C.to Romano"]
[Site "Roma ITA"]
[Date "1997.??.??"]
[Round "4"]
[White "Nurkic, Sahbaz"]
[Black "Sibilio, Mario"]
[Result "1-0"]
[WhiteElo "2430"]
[BlackElo "2320"]
[PlyCount "98"]
[EventDate "1997.??.??"]

1. e4 d6 2. d4 Nf6 3. Nc3 c6 4. f4 Qa5 5. e5 Ne4 6. Qf3 d5 7. Bd3 Na6 8. Nge2
Nb4 9. O-O Nxd3 10. cxd3 Nxc3 11. bxc3 g6 12. a4 h5 13. Ba3 Bf5 14. Rfc1 Qa6
15. c4 Rd8 16. Qe3 Be6 17. cxd5 Bxd5 18. Nc3 e6 19. Bxf8 Kxf8 20. Ne4 Qa5 21.
Nd6 Qc7 22. Qg3 Qe7 23. a5 h4 24. Qg4 Rh5 25. Rcb1 Rxd6 26. exd6 Qxd6 27. h3
Qe7 28. Qe2 Rf5 29. Qe3 Qc7 30. Rf1 Kg7 31. Qd2 b6 32. axb6 Qxb6 33. Qc3 Qb8
34. Qd2 Qb6 35. Qe3 a5 36. Kh2 Qa7 37. Qe1 g5 38. fxg5 Rxg5 39. Rf2 Qxd4 40.
Rxa5 e5 41. Qd2 Rg6 42. Ra8 Qb6 43. Re8 Qc7 44. Qb4 e4+ 45. Kg1 c5 46. Qc3+ f6
47. dxe4 Qd7 48. Rb8 Qd6 49. Rc8 Bxe4 1-0

[Event "II C.to Romano"]
[Site "Roma ITA"]
[Date "1997.??.??"]
[Round "4"]
[White "Passerotti, Pierluigi"]
[Black "Ortega, Lexy"]
[Result "0-1"]
[WhiteElo "2310"]
[BlackElo "2470"]
[PlyCount "52"]
[EventDate "1997.??.??"]

1. d4 d5 2. c4 e6 3. Nc3 c6 4. e3 Nf6 5. Nf3 Nbd7 6. Bd3 dxc4 7. Bxc4 b5 8. Bd3
a6 9. e4 c5 10. d5 Qc7 11. dxe6 fxe6 12. O-O c4 13. Bc2 Bb7 14. Ng5 Nc5 15. Re1
Bd6 16. e5 Bxe5 17. f4 Rd8 18. Qe2 Bd4+ 19. Be3 Qxf4 20. Nxe6 Nxe6 21. Bxd4
Qxd4+ 22. Kh1 O-O 23. Qxe6+ Kh8 24. Qh3 h6 25. Bf5 b4 26. Ne2 Qf2 0-1

[Event "II C.to Romano"]
[Site "Roma ITA"]
[Date "1997.??.??"]
[Round "4"]
[White "Pienabarca, Nicola"]
[Black "Vallifuoco, Giovanni"]
[Result "0-1"]
[WhiteElo "2020"]
[BlackElo "2255"]
[PlyCount "34"]
[EventDate "1997.??.??"]

1. d4 Nf6 2. Nf3 c5 3. c3 d5 4. Bf4 Nc6 5. e3 Qb6 6. Qc1 Bf5 7. Nbd2 e6 8. h3
h6 9. c4 Nb4 10. cxd5 Nc2+ 11. Kd1 exd5 12. dxc5 Bxc5 13. Nb3 Rc8 14. Nfd4 Bxd4
15. exd4 O-O 16. Qd2 Nxa1 17. Nc5 Ne4 0-1

[Event "II C.to Romano"]
[Site "Roma ITA"]
[Date "1997.??.??"]
[Round "4"]
[White "Quimi, Marco"]
[Black "De Vita, Igor"]
[Result "0-1"]
[WhiteElo "2240"]
[BlackElo "2115"]
[PlyCount "118"]
[EventDate "1997.??.??"]

1. e4 Nf6 2. e5 Nd5 3. Nc3 Nxc3 4. bxc3 d5 5. d4 c5 6. f4 Nc6 7. Nf3 e6 8. Be2
cxd4 9. cxd4 Bb4+ 10. Bd2 Qa5 11. a3 Bxd2+ 12. Qxd2 Qxd2+ 13. Kxd2 Na5 14. Rab1
Bd7 15. Rhc1 Rc8 16. Rb4 Ke7 17. c4 dxc4 18. Bxc4 Nxc4+ 19. Rbxc4 Rxc4 20. Rxc4
Bc6 21. Ne1 Rd8 22. Ke3 Bd5 23. Rc7+ Rd7 24. Rc8 Rd8 25. Rxd8 Kxd8 26. g4 Kd7
27. Nd3 a5 28. h4 Ba2 29. f5 b5 30. Nf4 g6 31. fxg6 fxg6 32. Kd2 Kc6 33. Kc3
Bd5 34. g5 Ba2 35. Kb2 Bd5 36. Kc3 Ba2 37. h5 gxh5 38. Nxh5 Bb1 39. Nf4 Bf5 40.
Kb3 Bg4 41. Ng2 Kd7 42. Kc3 Ke7 43. d5 exd5 44. Nf4 Bf3 45. Kd4 b4 46. axb4
axb4 47. Nd3 b3 48. Kc3 Ke6 49. Kxb3 Be4 50. Nf2 Kxe5 51. Kc3 Kf5 52. Kd4 Kxg5
53. Ke5 h5 54. Nd1 Kg4 55. Ne3+ Kf3 56. Nf1 h4 57. Nd2+ Ke2 58. Nb3 h3 59. Nd4+
Ke3 0-1

[Event "II C.to Romano"]
[Site "Roma ITA"]
[Date "1997.??.??"]
[Round "4"]
[White "Ragonese, Lucio Rosario"]
[Black "Ianniello, Riccardo"]
[Result "0-1"]
[WhiteElo "2060"]
[BlackElo "2300"]
[PlyCount "98"]
[EventDate "1997.??.??"]

1. d4 d5 2. Nf3 c6 3. Bg5 f6 4. Bf4 g6 5. Nbd2 Bg7 6. e4 e6 7. Bd3 Ne7 8. Qe2
Qb6 9. Rb1 O-O 10. Qe3 Re8 11. e5 Nf5 12. Bxf5 exf5 13. h4 Nd7 14. e6 Qd8 15.
O-O Nf8 16. Bh6 Rxe6 17. Qf4 Qd6 18. Qxd6 Rxd6 19. Bxg7 Kxg7 20. Rfe1 Be6 21.
Nb3 b6 22. Nfd2 Rad8 23. f4 R8d7 24. a4 Bf7 25. Nf3 Re6 26. Kf2 Rxe1 27. Rxe1
Ne6 28. g3 a5 29. c3 Nd8 30. Re3 Nb7 31. Ne1 Nd6 32. Nd2 Ne4+ 33. Nxe4 dxe4 34.
Nc2 Bb3 35. Na3 Bxa4 36. Nc4 Rb7 37. Nd6 Rb8 38. g4 Rd8 39. Nc4 Bc2 40. gxf5
Bd3 41. Nd2 gxf5 42. Rg3+ Kf7 43. Nb3 a4 44. Nd2 h5 45. Ke3 Ra8 46. Rg1 Rb8 47.
Ra1 Rg8 48. Rxa4 Rg2 49. Ra7+ Kg6 0-1

[Event "II C.to Romano"]
[Site "Roma ITA"]
[Date "1997.??.??"]
[Round "4"]
[White "Scagliarini, Bruno"]
[Black "Viscardi, Riccardo"]
[Result "1/2-1/2"]
[WhiteElo "1974"]
[BlackElo "1600"]
[PlyCount "115"]
[EventDate "1997.??.??"]

1. c4 e5 2. g3 Nf6 3. Bg2 d5 4. cxd5 Nxd5 5. Nc3 Nb6 6. Nf3 Nc6 7. O-O Be7 8.
a3 O-O 9. b4 Be6 10. b5 Nd4 11. Nxe5 Bb3 12. Bxb7 Bxd1 13. Rxd1 Rb8 14. Bg2 Bd6
15. Nc6 Nxc6 16. Bxc6 Be5 17. d4 Bd6 18. e4 Be7 19. Bf4 Bg5 20. Ne2 Bxf4 21.
Nxf4 Nc8 22. Nd5 Ne7 23. Nxe7+ Qxe7 24. a4 Rfd8 25. Rab1 Qa3 26. d5 f6 27. Re1
Qd6 28. Rbc1 Rb6 29. Kg2 Rxc6 30. Rxc6 Qb4 31. Rcc1 Qxa4 32. Rxc7 Qxb5 33. Rxa7
Qb4 34. Raa1 Re8 35. Rab1 Qd6 36. g4 Rb8 37. Rxb8+ Qxb8 38. Re3 Qf4 39. h3 Kf7
40. Re2 h5 41. gxh5 Qg5+ 42. Kf1 Qxh5 43. Re3 Qd1+ 44. Kg2 Qc2 45. Kg3 g5 46.
Kg2 Qd2 47. Kg3 Qd1 48. Kg2 f5 49. exf5 Qxd5+ 50. Rf3 Kf6 51. Kg3 Qe5+ 52. Kg2
Qe4 53. Kg3 Qh4+ 54. Kg2 Ke5 55. f6 g4 56. hxg4 Qxg4+ 57. Rg3 Qe4+ 58. Rf3
1/2-1/2

[Event "II C.to Romano"]
[Site "Roma ITA"]
[Date "1997.??.??"]
[Round "4"]
[White "Spano' Cuomo, Gaetano"]
[Black "Montecchi, Ugo"]
[Result "0-1"]
[WhiteElo "1641"]
[BlackElo "1833"]
[PlyCount "48"]
[EventDate "1997.??.??"]

1. Nf3 c5 2. c4 Nc6 3. e3 g6 4. Be2 Bg7 5. O-O e6 6. Nc3 Nge7 7. d4 cxd4 8.
exd4 d5 9. Be3 O-O 10. c5 b6 11. Na4 bxc5 12. Nxc5 Rb8 13. Rb1 Nf5 14. a3 Qc7
15. b4 e5 16. dxe5 Nxe3 17. fxe3 Nxe5 18. Qxd5 Ng4 19. Qb3 Bh6 20. Ne4 Bxe3+
21. Kh1 Be6 22. Qb2 f5 23. Neg5 Bxg5 24. h3 Bf6 0-1

[Event "II C.to Romano"]
[Site "Roma ITA"]
[Date "1997.??.??"]
[Round "4"]
[White "Vannelli, Vittorio"]
[Black "Medori, Marco"]
[Result "1-0"]
[WhiteElo "1636"]
[BlackElo "1600"]
[PlyCount "87"]
[EventDate "1997.??.??"]

1. e4 c5 2. Nf3 Nc6 3. d4 cxd4 4. Nxd4 Nf6 5. Nc3 d6 6. Bg5 e6 7. Qd2 Be7 8.
O-O-O O-O 9. Nxc6 bxc6 10. Bxf6 Bxf6 11. Qxd6 Qb6 12. Qg3 Rb8 13. b3 Bxc3 14.
Qxc3 Qxf2 15. Rd3 Qf4+ 16. Kb1 Qxe4 17. Rd4 Qe5 18. Bd3 g6 19. Re1 Qg7 20. Qc5
Rb6 21. a4 Rb7 22. Bc4 Re8 23. Red1 Rbe7 24. Qxc6 Bb7 25. Qc5 e5 26. Rd8 Qf8
27. Rxe8 Qxe8 28. g3 Kg7 29. Bb5 Qf8 30. Qxa7 f5 31. Rd7 Rxd7 32. Bxd7 Qa8 33.
Qc5 e4 34. Qe7+ Kh6 35. Bxf5 gxf5 36. Qf6+ Kh5 37. Qxf5+ Kh6 38. Qf6+ Kh5 39.
h3 Bc8 40. Qg7 Bxh3 41. Qxh7+ Kg4 42. Qh4+ Kf3 43. Qxh3 e3 44. Qh1+ 1-0